000 00216 a2200097 4500
001 38236
100 _aClose H.M
245 _aAttlec wavell Mountbatten
260 _aIslamabad
_bNBF
_c1997
090 _c24293
_d24293
942 _aNUST-CAE
_cM
_c15884
999 _c273309
_d273309